By-products and ancillary activities in rubber plantations (Record no. 48262)

MARC details
000 -LEADER
fixed length control field 00484nam a2200133Ia 4500
100 ## - MAIN ENTRY--AUTHOR NAME
Personal name Pushpadas M V
245 #0 - TITLE STATEMENT
Title By-products and ancillary activities in rubber plantations
260 ## - PUBLICATION, DISTRIBUTION, ETC. (IMPRINT)
Name of publisher Handbook of natural rubber production in India. (Ed. P.N. Radhakrishna Pillay). Rubber Research Institute of India, Kottayam, India, pp. 505-514.
650 ## - SUBJECT ADDED ENTRY--TOPICAL TERM
Topical Term Ancillary income
700 ## - ADDED ENTRY--PERSONAL NAME
Personal name Haridasan V
700 ## - ADDED ENTRY--PERSONAL NAME
Personal name Jayaratnam K
942 ## - ADDED ENTRY ELEMENTS (KOHA)
Koha item type Bibliography RLWO
Holdings
Withdrawn status Lost status Damaged status Not for loan Home library Current library Date acquired Koha item type
      Bibliography RRII Library RRII Library 31/12/2021 Bibliography RLWO